000 01740cas a2200505 4500
001 400802
003 OSt
005 20170105101213.0
008 850827c19749999cauqr1p 0 0eng
010 _a 74645463
022 _a0095-2583
030 _aECIND6
035 _a(OCoLC)1794536
035 _a(OCoLC)ocm01794536
035 _a(CStRLIN)NYCG85-S3015
035 _a(NNC)400802
037 _bWestern Economic Association International, California State University, Long Beach, CA 90840
040 _dOCoLC
_dNSD
_dm.c.
_dNSD
_dRCS
_dAIP
_dNSD
_dAIP
_dNNC
_cNSD
042 _alc
_ansdp
050 0 _aHB1
_b.W47
082 _a330/.05
090 _aHB1
_b.W47
210 0 _aEcon. inq.
222 0 _aEconomic inquiry
245 0 0 _aEconomic inquiry.
260 _aLong Beach, Calif.,
_bWestern Economic Association.
300 _c26 cm.
310 _aQuarterly
362 0 _av. 12- Mar. 1974-
500 _a"Journal of the Western Economic Association."
510 2 _aAmerica, history and life
_x0002-7065
_b1978-
510 2 _aHistorical abstracts. Part A. Modern history abstracts
_x0363-2717
_b1978-
510 2 _aHistorical abstracts. Part B. Twentieth century abstracts
_x0363-2725
_b1978-
510 1 _aManagement contents
_b1974-
510 2 _aHospital literature index
_x0018-5736
510 2 _aIndex of economic articles in journals and collective volumes
_x0536-647X
510 2 _aABI/INFORM
_bJan. 1980-
510 2 _aPublic Affairs Information Service bulletin
_x0033-3409
510 1 _aSocial sciences index
_x0094-4920
650 0 _aEconomics
_vPeriodicals.
710 2 _aWestern Economic Association.
780 0 0 _tWestern economic journal
_x0043-3640
942 _2ddc
_cBK
999 _c3298
_d3298